000 00436nam a2200205Ia 4500
005 20251020182541.0
008 200515s9999 xx 000 0 und d
082 _a741.020/U18
100 _aUDDIN, Saleh
245 0 _aDibujo axonometrico
260 _aMéxico D.F.
260 _c1997
300 _a213
500 _a1 ejemplar
650 _aDIBUJO
650 _aDISEÑO
650 _aLIB
650 _aSOMBRAS
942 _cLIB
999 _c2392
_d2392